| 000 | 00000nam##2200000za#4500 |
| 001 | 9.697920 |
| 003 | CaOODSP |
| 005 | 20210624235709 |
| 007 | cr ||||||||||| |
| 008 | 150407|2001||||xxc|||||o f|0| 0 eng|d |
| 040 | |aCaOODSP|beng |
| 043 | |an-cn--- |
| 086 | 1 |aEn4-161/2001E-PDF |
| 110 | 1 |aCanada. |bEnvironment Canada. |bAudit and Evaluation Branch. |
| 245 | 10|aAudit of information technology security |h[electronic resource] |
| 260 | |aGatineau - Quebec : |bEnvironment Canada. |cMay 2001. |
| 300 | |a28p. |
| 590 | |a13-14-Supp|b2013-05-30 |
| 690 | 07|aComputer security|2gcpds |
| 690 | 07|aInformation technology|2gcpds |
| 775 | 08|tVérification de la sécurité des technologies de l'information |w(CaOODSP)9.641906 |
| 856 | 40|ahttp://publications.gc.ca|qPDF|s116 KB|uhttps://publications.gc.ca/collections/collection_2013/ec/En4-161-2001-eng.pdf |